00263nam a2200097Ia 4500008004000000082001600040100001900056245004700075260003500122300000800157210210b1991 xxu||||| |||| 00| 0 eng d a364.16 BENW aBENIWAL (K S). aWorld famous bank robberies and forgeries. aNDbFamily books pvt ltdc1991 a128